<?xml version="1.0" encoding="UTF-8"?>
<record
    xmlns:xsi="http://www.w3.org/2001/XMLSchema-instance"
    xsi:schemaLocation="http://www.loc.gov/MARC21/slim http://www.loc.gov/standards/marcxml/schema/MARC21slim.xsd"
    xmlns="http://www.loc.gov/MARC21/slim">

  <leader>03566cam a2200517 i 4500</leader>
  <controlfield tag="001">0008004630</controlfield>
  <controlfield tag="003">OSt</controlfield>
  <controlfield tag="005">20260528202744.0</controlfield>
  <controlfield tag="008">250620m20259999quc           000 f fre  </controlfield>
  <datafield tag="020" ind1=" " ind2=" ">
    <subfield code="a">9782897927790</subfield>
    <subfield code="q">(vol. 1)</subfield>
  </datafield>
  <datafield tag="020" ind1=" " ind2=" ">
    <subfield code="a">9782897928520</subfield>
    <subfield code="q">(vol. 2)</subfield>
  </datafield>
  <datafield tag="020" ind1=" " ind2=" ">
    <subfield code="a">2897927798</subfield>
    <subfield code="q">(vol. 1)</subfield>
  </datafield>
  <datafield tag="040" ind1=" " ind2=" ">
    <subfield code="a">QMBN</subfield>
    <subfield code="b">fre</subfield>
    <subfield code="e">rda</subfield>
    <subfield code="c">QMBN</subfield>
    <subfield code="d">QMBND</subfield>
  </datafield>
  <datafield tag="050" ind1=" " ind2="4">
    <subfield code="a">PS9631*</subfield>
  </datafield>
  <datafield tag="082" ind1="0" ind2="4">
    <subfield code="a">C843/.6</subfield>
    <subfield code="b">P422c</subfield>
    <subfield code="2">23/fre/202511</subfield>
    <subfield code="m">b</subfield>
  </datafield>
  <datafield tag="082" ind1="0" ind2="4">
    <subfield code="a">843/.92</subfield>
    <subfield code="b">P422c</subfield>
    <subfield code="2">23/fre/202511</subfield>
  </datafield>
  <datafield tag="082" ind1="0" ind2="4">
    <subfield code="a">C843/.92</subfield>
    <subfield code="b">P422c</subfield>
    <subfield code="2">23/fre/202511</subfield>
    <subfield code="m">b</subfield>
  </datafield>
  <datafield tag="084" ind1=" " ind2=" ">
    <subfield code="a">P 894cab v.2</subfield>
    <subfield code="b">P422c</subfield>
    <subfield code="2">z</subfield>
  </datafield>
  <datafield tag="091" ind1="0" ind2=" ">
    <subfield code="a">Pp&#x30C;in</subfield>
  </datafield>
  <datafield tag="100" ind1="1" ind2=" ">
    <subfield code="a">P&#xE9;pin, Sandrine,</subfield>
    <subfield code="d">2003-</subfield>
    <subfield code="e">auteur</subfield>
  </datafield>
  <datafield tag="245" ind1="1" ind2="0">
    <subfield code="a">Campus bar / 2. Sous les projecteurs</subfield>
    <subfield code="c">Sandrine P&#xE9;pin et Marie Potvin</subfield>
  </datafield>
  <datafield tag="264" ind1=" " ind2="1">
    <subfield code="a">[Boucherville, Qub&#x30C;ec] :</subfield>
    <subfield code="b">DeMortagne,</subfield>
    <subfield code="c">[2025]-</subfield>
  </datafield>
  <datafield tag="300" ind1=" " ind2=" ">
    <subfield code="a">volumes ;</subfield>
    <subfield code="c">23 cm</subfield>
  </datafield>
  <datafield tag="336" ind1=" " ind2=" ">
    <subfield code="a">texte</subfield>
    <subfield code="b">txt</subfield>
    <subfield code="2">rdacontent</subfield>
  </datafield>
  <datafield tag="337" ind1=" " ind2=" ">
    <subfield code="a">sans m&#x10F;iation</subfield>
    <subfield code="b">n</subfield>
    <subfield code="2">rdamedia</subfield>
  </datafield>
  <datafield tag="338" ind1=" " ind2=" ">
    <subfield code="a">volume</subfield>
    <subfield code="b">nc</subfield>
    <subfield code="2">rdacarrier</subfield>
  </datafield>
  <datafield tag="500" ind1=" " ind2=" ">
    <subfield code="a">L'ouvrage complet comprendra 3 volumes</subfield>
  </datafield>
  <datafield tag="505" ind1="1" ind2="0">
    <subfield code="g">1.</subfield>
    <subfield code="t">Sortir de l'ombre --</subfield>
    <subfield code="g">2.</subfield>
    <subfield code="t">Sous les projecteurs</subfield>
  </datafield>
  <datafield tag="520" ind1=" " ind2=" ">
    <subfield code="a">Lorsque Clara quitte les Sir&#xE8;nes du Saint-Laurent pour aller conqu&#xE9;rir l&#x2019;Europe, Jessica retrouve son ancien r&#xF4;le, celui qu&#x2019;elle n&#x2019;a jamais vraiment ma&#xEE;tris&#xE9; : chanteuse principale du band. Bien que son aisance sur sc&#xE8;ne captive le public, sa voix, elle, trahit un manque flagrant de contr&#xF4;le. De son c&#xF4;t&#xE9;, Nathan Crevier, t&#xEA;te d&#x2019;affiche des Lucky Charms, est en crise existentielle. Depuis qu&#x2019;il est populaire, sa vie n&#x2019;est qu&#x2019;une succession de soir&#xE9;es folles et de spectacles qui l&#x2019;enfoncent dans la consommation. D&#xE9;termin&#xE9; &#xE0; s&#x2019;en sortir, il choisit de poursuivre en solo. Si seulement il r&#xE9;ussissait &#xE0; d&#xE9;jouer le syndrome de la page blanche qui l&#x2019;emp&#xEA;che de composer de nouveaux hits&#x2026;. Quand Nathan d&#xE9;couvre le talent cach&#xE9; de Jess pour l&#x2019;&#xE9;criture, il lui propose un march&#xE9; : si elle accepte de l&#x2019;aider, il deviendra son coach de chant. Bien vite, leur arrangement se transforme en un tourbillon d&#x2019;&#xE9;motions intenses. Qui sait, peut-&#xEA;tre que reconna&#xEE;tre leurs sentiments l&#x2019;un pour l&#x2019;autre sera la r&#xE9;ponse &#xE0; tous leurs probl&#xE8;mes&#x2026;. SANDRINE P&#xC9;PIN est dipl&#xF4;m&#xE9;e d&#x2019;une technique professionnelle en musique, sp&#xE9;cialis&#xE9;e en chant populaire. . MARIE POTVIN, pour sa part, a d&#xE9;j&#xE0; sign&#xE9; plusieurs s&#xE9;ries jeunesse populaires et romans grand public. . M&#xE8;re et fille ont d&#xE9;cid&#xE9; d&#x2019;allier leurs forces afin de nous pr&#xE9;senter une trilogie de romance qui refl&#xE8;te la r&#xE9;alit&#xE9; des jeunes adultes d&#x2019;aujourd&#x2019;hui avec humour et &#xE9;motions..</subfield>
  </datafield>
  <datafield tag="650" ind1=" " ind2="6">
    <subfield code="a">Gestionnaires de portefeuille</subfield>
    <subfield code="v">Romans, nouvelles, etc.</subfield>
  </datafield>
  <datafield tag="650" ind1=" " ind2="6">
    <subfield code="a">Chanteuses</subfield>
    <subfield code="v">Romans, nouvelles, etc.</subfield>
  </datafield>
  <datafield tag="650" ind1=" " ind2="6">
    <subfield code="a">Mr&#x308;es et fils</subfield>
    <subfield code="v">Romans, nouvelles, etc.</subfield>
  </datafield>
  <datafield tag="650" ind1=" " ind2="6">
    <subfield code="a">Bars</subfield>
    <subfield code="v">Romans, nouvelles, etc.</subfield>
  </datafield>
  <datafield tag="650" ind1=" " ind2="6">
    <subfield code="a">Entreprises familiales</subfield>
    <subfield code="v">Romans, nouvelles, etc.</subfield>
  </datafield>
  <datafield tag="650" ind1=" " ind2="6">
    <subfield code="a">Retour au foyer</subfield>
    <subfield code="v">Romans, nouvelles, etc.</subfield>
  </datafield>
  <datafield tag="651" ind1=" " ind2="6">
    <subfield code="a">Montr&#x1CE;l (Qub&#x30C;ec)</subfield>
    <subfield code="v">Romans, nouvelles, etc.</subfield>
  </datafield>
  <datafield tag="655" ind1=" " ind2="7">
    <subfield code="a">Romans qub&#x30C;&#x10D;ois</subfield>
    <subfield code="y">21e sic&#x308;le</subfield>
    <subfield code="2">local</subfield>
  </datafield>
  <datafield tag="655" ind1=" " ind2="7">
    <subfield code="a">Romans sentimentaux</subfield>
    <subfield code="2">rvmgf</subfield>
  </datafield>
  <datafield tag="700" ind1="1" ind2=" ">
    <subfield code="a">Potvin, Marie,</subfield>
    <subfield code="d">1971-</subfield>
    <subfield code="e">auteur</subfield>
  </datafield>
  <datafield tag="740" ind1="0" ind2="2">
    <subfield code="a">Sortir de l'ombre</subfield>
  </datafield>
  <datafield tag="740" ind1="0" ind2="2">
    <subfield code="a">Sous les projecteurs</subfield>
  </datafield>
  <datafield tag="942" ind1=" " ind2=" ">
    <subfield code="2">ddc</subfield>
    <subfield code="c">ROM ADULTE</subfield>
  </datafield>
  <datafield tag="999" ind1=" " ind2=" ">
    <subfield code="c">18862</subfield>
    <subfield code="d">18862</subfield>
  </datafield>
  <datafield tag="952" ind1=" " ind2=" ">
    <subfield code="0">0</subfield>
    <subfield code="1">0</subfield>
    <subfield code="2">ddc</subfield>
    <subfield code="4">0</subfield>
    <subfield code="7">0</subfield>
    <subfield code="a">HENRYVILLE</subfield>
    <subfield code="b">HENRYVILLE</subfield>
    <subfield code="d">2026-05-28</subfield>
    <subfield code="l">0</subfield>
    <subfield code="o">P 894cab v.2</subfield>
    <subfield code="p">30001030026753</subfield>
    <subfield code="r">2026-05-28 20:28:12</subfield>
    <subfield code="w">2026-05-28</subfield>
    <subfield code="y">ROM ADULTE</subfield>
  </datafield>
</record>
